[Event "GER-ch U25 op-A"]
[Site "Willingen"]
[Date "2024.05.25"]
[Round "9"]
[White "Mainka, Ingmar"]
[Black "Frohnhaeuser, Simon"]
[Result "1-0"]
[WhiteElo "1879"]
[BlackElo "1985"]
[PlyCount "55"]
[EventDate "2024.05.19"]
[EventType "swiss"]
[EventRounds "9"]
[EventCountry "GER"]
[SourceTitle "EXT 2025"]
[Source "ChessBase"]
[SourceDate "2024.10.14"]
[SourceVersion "1"]
[SourceVersionDate "2024.10.14"]
[SourceQuality "1"]

1. e4 c5 2. Nf3 d6 3. d4 cxd4 4. Nxd4 Nf6 5. Nc3 a6 6. Be2 e5 7. Nb3 Be6 8. 0-0 Nbd7 9. f4 Qc7 10. Be3 b5 11. a3 Be7 12. f5 Bc4 13. Nd2 Nb6 14. Kh1 Rc8 15. Qe1 Bxe2 16. Bxb6 Qxb6 17. Qxe2 0-0 18. Rad1 b4 19. axb4 Qxb4 20. Nb3 Rc4 21. Ra1 Rc6 22. Ra4 Qb6 23. Rfa1 Ra8 24. Nd5 Nxd5 25. exd5 Rc7 26. Rxa6 Rxa6 27. Rxa6 Rxc2 28. Ra8+ 1-0

[Event "GER-ch U25 op-A"]
[Site "Willingen"]
[Date "2024.05.22"]
[Round "6"]
[White "Frohnhaeuser, Simon"]
[Black "Groeschel, Karoline"]
[Result "0-1"]
[WhiteElo "1985"]
[BlackElo "1952"]
[PlyCount "88"]
[EventDate "2024.05.19"]
[EventType "swiss"]
[EventRounds "9"]
[EventCountry "GER"]
[SourceTitle "EXT 2025"]
[Source "ChessBase"]
[SourceDate "2024.10.14"]
[SourceVersion "1"]
[SourceVersionDate "2024.10.14"]
[SourceQuality "1"]

1. e4 c5 2. Nf3 d6 3. d4 cxd4 4. Nxd4 Nf6 5. Nc3 Nc6 6. Bg5 e6 7. Qd2 a6 8. 0-0-0 Bd7 9. Kb1 Be7 10. f4 b5 11. Nxc6 Bxc6 12. Bxf6 Bxf6 13. Qxd6 Qxd6 14. Rxd6 Rc8 15. e5 Be7 16. Rd1 Bc5 17. Re1 Rd8 18. a3 Rd4 19. Ne2 Rd2 20. h4 Ke7 21. Rh3 Rhd8 22. Nc1 Bxg2 23. Bxg2 Rxg2 24. Nd3 Bb6 25. Re4 Rc8 26. c3 a5 27. Ne1 Rg1 28. Kc2 Rc4 29. Rxc4 bxc4 30. Kd2 Rf1 31. Nf3 Rf2+ 32. Kc1 Be3+ 33. Kb1 Bxf4 34. Nd4 Rf1+ 35. Ka2 Kd7 36. Rf3 Rxf3 37. Nxf3 a4 38. b4 cxb3+ 39. Kb2 Kc6 40. c4 Kc5 41. Kc3 f6 42. exf6 gxf6 43. Kd3 b2 44. Kc2 Bc1 0-1

[Event "GER-ch U25 op-A"]
[Site "Willingen"]
[Date "2024.05.22"]
[Round "5"]
[White "Longo, Massimo"]
[Black "Frohnhaeuser, Simon"]
[Result "1/2-1/2"]
[WhiteElo "1945"]
[BlackElo "1985"]
[PlyCount "71"]
[EventDate "2024.05.19"]
[EventType "swiss"]
[EventRounds "9"]
[EventCountry "GER"]
[SourceTitle "EXT 2025"]
[Source "ChessBase"]
[SourceDate "2024.10.14"]
[SourceVersion "1"]
[SourceVersionDate "2024.10.14"]
[SourceQuality "1"]

1. d4 Nf6 2. c4 e6 3. Nf3 d5 4. Nc3 dxc4 5. e3 a6 6. a4 c5 7. Bxc4 Nc6 8. 0-0 cxd4 9. Nxd4 Nxd4 10. exd4 Bb4 11. Bg5 h6 12. Bh4 0-0 13. Qb3 Be7 14. Rfd1 Qa5 15. Bg3 Qb4 16. d5 Qxb3 17. Bxb3 exd5 18. Nxd5 Nxd5 19. Bxd5 Bf6 20. Rd2 a5 21. Rad1 Ra6 22. Bc4 Rc6 23. Bb5 Re6 24. Bc7 b6 25. f4 Be7 26. Bd6 Re4 27. Bxe7 Rxe7 28. Rd8 Re1+ 29. Kf2 Rxd1 30. Rxd1 Be6 31. Rd6 Rb8 32. Ke3 Kf8 33. g3 Ke7 34. Rc6 Rb7 35. Ba6 Rb8 36. Bb5 1/2-1/2

[Event "GER-ch U25 op-A"]
[Site "Willingen"]
[Date "2024.05.21"]
[Round "4"]
[White "Frohnhaeuser, Simon"]
[Black "Gallasch, Robin"]
[Result "0-1"]
[WhiteElo "1985"]
[BlackElo "2119"]
[PlyCount "108"]
[EventDate "2024.05.19"]
[EventType "swiss"]
[EventRounds "9"]
[EventCountry "GER"]
[SourceTitle "EXT 2025"]
[Source "ChessBase"]
[SourceDate "2024.10.14"]
[SourceVersion "1"]
[SourceVersionDate "2024.10.14"]
[SourceQuality "1"]

1. e4 c6 2. Nc3 d5 3. Nf3 dxe4 4. Nxe4 Nf6 5. Qe2 Na6 6. Nxf6+ gxf6 7. d4 Qd5 8. Qd2 Bg4 9. Be2 0-0-0 10. c3 Rg8 11. b4 e5 12. dxe5 fxe5 13. Qxd5 cxd5 14. Ng5 Bxe2 15. Kxe2 f6 16. Ne6 Re8 17. Nxf8 Rexf8 18. g3 Kd7 19. Be3 b6 20. a4 Rc8 21. Rhc1 Rc7 22. a5 b5 23. Bd2 Rgc8 24. Rd1 Ke6 25. g4 Rc4 26. Rg1 Rg8 27. f4 d4 28. cxd4 Rxd4 29. Rac1 Nxb4 30. Rc7 a6 31. Bxb4 Rxb4 32. fxe5 fxe5 33. Rxh7 Rbxg4 34. Rxg4 Rxg4 35. Rh6+ Kd5 36. Rxa6 Rg2+ 37. Ke3 Rxh2 38. Rb6 Rh3+ 39. Kd2 Kc4 40. Re6 Kd4 41. a6 Rh2+ 42. Kd1 e4 43. Rb6 Kc4 44. Re6 Kd3 45. Rd6+ Ke3 46. Rb6 Ra2 47. Kc1 Ke2 48. Rh6 Ra4 49. Rh4 Kd3 50. Rh5 Ra1+ 51. Kb2 Rxa6 52. Rxb5 Rc6 53. Rb3+ Kd2 54. Rh3 e3 0-1

[Event "Rheinland Pfalz-ch Blitz"]
[Site "Landau"]
[Date "2024.05.05"]
[Round "25"]
[White "Frohnhaeuser, Simon"]
[Black "Frischmann, Rick"]
[Result "0-1"]
[WhiteElo "1959"]
[BlackElo "2365"]
[PlyCount "48"]
[EventDate "2024.05.05"]
[EventType "tourn (blitz)"]
[EventRounds "29"]
[EventCountry "GER"]
[SourceTitle "CBM 220 Extra"]
[Source "ChessBase"]
[SourceDate "2024.07.31"]
[SourceVersion "1"]
[SourceVersionDate "2024.07.31"]
[SourceQuality "1"]

1. e4 d5 2. exd5 Qxd5 3. Nc3 Qd6 4. d4 Nf6 5. Nf3 Nc6 6. Be3 a6 7. a4 Bf5 8. Bd3 Bg4 9. h3 Bh5 10. Bc4 0-0-0 11. g4 Bg6 12. Qe2 e6 13. Rd1 Nd5 14. Nxd5 exd5 15. Bd3 Re8 16. Kf1 h5 17. Kg2 Be4 18. Bxe4 dxe4 19. Ng1 f5 20. gxf5 Qf6 21. h4 Bd6 22. Bg5 Qxf5 23. Qe3 Qg4+ 24. Kf1 Qxd1+ 0-1

[Event "Rheinland Pfalz-ch Blitz"]
[Site "Landau"]
[Date "2024.05.05"]
[Round "29"]
[White "Frohnhaeuser, Simon"]
[Black "Syrov, Arkadi"]
[Result "0-1"]
[WhiteElo "1959"]
[BlackElo "2171"]
[PlyCount "84"]
[EventDate "2024.05.05"]
[EventType "tourn (blitz)"]
[EventRounds "29"]
[EventCountry "GER"]
[SourceTitle "CBM 220 Extra"]
[Source "ChessBase"]
[SourceDate "2024.07.31"]
[SourceVersion "1"]
[SourceVersionDate "2024.07.31"]
[SourceQuality "1"]

1. e4 e5 2. Nf3 Nc6 3. Nc3 Nf6 4. d4 exd4 5. Nxd4 Nxe4 6. Nxe4 Qe7 7. Bd3 Nxd4 8. 0-0 d5 9. Ng3 Be6 10. Re1 Qd7 11. c3 Nc6 12. Bf4 Be7 13. b4 0-0 14. Qh5 g6 15. Qh6 Bf6 16. Nh5 Bh8 17. b5 Ne7 18. Be5 f6 19. Bd4 Bf5 20. Nf4 Bxd3 21. Nxd3 Nf5 22. Qf4 Rae8 23. Bc5 Nd6 24. a4 Rxe1+ 25. Rxe1 Re8 26. Rxe8+ Nxe8 27. Qe3 Kf7 28. Nf4 b6 29. Bd4 c5 30. bxc6 Qxc6 31. h4 Nc7 32. g4 Qxa4 33. g5 Qe8 34. Qxe8+ Kxe8 35. gxf6 Kf7 36. Be5 Ne8 37. Nxd5 Nxf6 38. Nb4 Bg7 39. Bb8 a5 40. Nc6 Nd7 41. c4 Nxb8 42. Nxb8 a4 0-1

[Event "GER-ch U25-A"]
[Site "Willingen"]
[Date "2023.05.29"]
[Round "3"]
[White "Winkler, Yonathan"]
[Black "Frohnhaeuser, Simon"]
[Result "1/2-1/2"]
[WhiteElo "2007"]
[BlackElo "1901"]
[PlyCount "171"]
[EventDate "2023.05.27"]
[EventType "swiss"]
[EventRounds "9"]
[EventCountry "GER"]
[SourceTitle "CBM 214 Extra"]
[Source "ChessBase"]
[SourceDate "2023.07.31"]
[SourceVersion "1"]
[SourceVersionDate "2023.07.31"]
[SourceQuality "1"]

1. e4 c5 2. Nf3 d6 3. d4 cxd4 4. Nxd4 Nf6 5. Nc3 a6 6. f3 e5 7. Nb3 Be6 8. Be3 Be7 9. Qd2 h5 10. a4 Nbd7 11. a5 Rc8 12. Nd5 Nxd5 13. exd5 Bf5 14. c4 h4 15. Rd1 e4 16. Qc2 h3 17. g3 Ne5 18. f4 Ng4 19. Bd4 Kf8 20. Qc3 Bf6 21. Be2 Bxd4 22. Nxd4 Qd7 23. 0-0 Nf6 24. Qa3 Bg4 25. Qe3 Bxe2 26. Qxe2 Qc7 27. Qd2 Re8 28. Rc1 e3 29. Qc3 Qe7 30. Qd3 Ng4 31. Ne2 Nf2 32. Qd4 Qd7 33. Qc3 Qf5 34. Qc2 Qg4 35. Nd4 Re4 36. Qe2 Qg6 37. Nc2 Qg4 38. Rce1 Qxe2 39. Rxe2 Ng4 40. b3 Ke7 41. Rd1 Kd7 42. Rd3 Rhe8 43. Ne1 Nh6 44. Nf3 Nf5 45. Kf1 f6 46. Ke1 Kc8 47. Kd1 Kb8 48. Kc2 g5 49. fxg5 fxg5 50. Kc3 g4 51. Nd4 Ng7 52. Rd1 Rf8 53. Kd3 Re5 54. Rxe3 Rf2 55. Rd2 Rg2 56. Ree2 Rexe2 57. Rxe2 Nh5 58. Rxg2 hxg2 59. Ne2 Nf6 60. Ke3 Kc7 61. Kf2 b6 62. Nc3 bxa5 63. Kxg2 Kb6 64. Na4+ Kc7 65. Kf2 Nd7 66. Ke3 Ne5 67. Kf4 Kd7 68. Kf5 Nf3 69. Kxg4 Nxh2+ 70. Kf5 Ke7 71. Nc3 Nf3 72. Ne2 Kf7 73. g4 Nd2 74. Nd4 a4 75. bxa4 Nxc4 76. g5 Ne3+ 77. Ke4 Nc4 78. Nc6 Kg6 79. Kd4 Nb6 80. a5 Nd7 81. Ne7+ Kxg5 82. Nc8 Nc5 83. Nxd6 Nb3+ 84. Ke5 Nxa5 85. Ke6 Kf4 86. Nc8 1/2-1/2

[Event "GER-ch Net blitz sf"]
[Site "Playchess.com INT"]
[Date "2021.06.05"]
[Round "7"]
[White "Loehr, Markus"]
[Black "Frohnhaeuser, Simon"]
[Result "1-0"]
[WhiteElo "2003"]
[BlackElo "1965"]
[PlyCount "61"]
[EventDate "2021.06.05"]
[EventType "swiss (blitz)"]
[EventRounds "13"]
[EventCountry "GER"]
[SourceTitle "EXT 2023"]
[Source "ChessBase"]
[SourceDate "2022.10.05"]
[SourceVersion "1"]
[SourceVersionDate "2022.10.05"]
[SourceQuality "1"]

1. d4 Nf6 2. c4 Nc6 3. Nf3 e6 4. g3 Bb4+ 5. Bd2 Qe7 6. Bg2 0-0 7. 0-0 Bxd2 8. Qxd2 d6 9. Nc3 e5 10. d5 Nb8 11. e4 a5 12. Ne1 Na6 13. Nd3 Nd7 14. f4 Nac5 15. f5 Nxd3 16. Qxd3 Nc5 17. Qe3 f6 18. g4 Bd7 19. h4 Be8 20. Rf3 Ra6 21. Raf1 Rb6 22. R1f2 a4 23. g5 a3 24. b3 Bh5 25. Rg3 Kh8 26. Bf3 Qf7 27. Rfg2 Bxf3 28. Qxf3 Rg8 29. g6 Qe8 30. gxh7 Kxh7 31. Rg6 1-0

[Event "GER-ch Net blitz qual4"]
[Site "Playchess.com INT"]
[Date "2021.05.10"]
[Round "6"]
[White "Yankelevich, Lev"]
[Black "Frohnhaeuser, Simon"]
[Result "1/2-1/2"]
[WhiteElo "2117"]
[BlackElo "1975"]
[PlyCount "70"]
[EventDate "2021.05.10"]
[EventType "swiss (blitz)"]
[EventRounds "11"]
[EventCountry "GER"]
[SourceTitle "CBM 202 Extra"]
[Source "ChessBase"]
[SourceDate "2021.07.31"]
[SourceVersion "1"]
[SourceVersionDate "2021.07.31"]
[SourceQuality "1"]

1. e4 c5 2. Nf3 Nc6 3. Bb5 g6 4. 0-0 Bg7 5. c3 Nf6 6. Re1 0-0 7. d4 cxd4 8. cxd4 d5 9. e5 Ne4 10. Bxc6 bxc6 11. Be3 Bg4 12. h3 Bd7 13. Nbd2 Nxd2 14. Nxd2 f6 15. Bf4 Qb6 16. Nb3 Rae8 17. exf6 exf6 18. Qd2 Rxe1+ 19. Rxe1 Re8 20. Rxe8+ Bxe8 21. Qe2 Bf7 22. Bd6 f5 23. Qe7 h5 24. Be5 Bxe5 25. dxe5 c5 26. Nxc5 Qxb2 27. Nd7 Qc1+ 28. Kh2 Qf4+ 29. Kg1 Qc1+ 30. Kh2 Qf4+ 31. g3 Qxf2+ 32. Kh1 Qf1+ 33. Kh2 Qf2+ 34. Kh1 Qf1+ 35. Kh2 Qf2+ 1/2-1/2

[Event "GER-ch Net blitz qual2"]
[Site "Playchess.com INT"]
[Date "2021.05.04"]
[Round "2"]
[White "Schulz, Karsten"]
[Black "Frohnhaeuser, Simon"]
[Result "1-0"]
[WhiteElo "2262"]
[BlackElo "1894"]
[PlyCount "89"]
[EventDate "2021.05.04"]
[EventType "swiss (blitz)"]
[EventRounds "11"]
[EventCountry "GER"]
[SourceTitle "CBM 202 Extra"]
[Source "ChessBase"]
[SourceDate "2021.07.31"]
[SourceVersion "1"]
[SourceVersionDate "2021.07.31"]
[SourceQuality "1"]

1. Nf3 Nf6 2. c4 g6 3. b3 Bg7 4. Bb2 0-0 5. g3 c6 6. Bg2 d5 7. 0-0 Bf5 8. d3 a5 9. Nbd2 Qc8 10. Qc2 Bh3 11. a3 Bxg2 12. Kxg2 e6 13. b4 Nbd7 14. Bc3 axb4 15. axb4 Qc7 16. Qb2 Nh5 17. e4 Bxc3 18. Qxc3 Qd6 19. d4 f5 20. e5 Qe7 21. cxd5 exd5 22. Nb3 Nb6 23. Qc5 Qxc5 24. Nxc5 Rab8 25. Ra7 Rf7 26. b5 Ng7 27. Rb1 h6 28. h4 Kf8 29. Kf1 Ke8 30. Ke2 Re7 31. Kd3 Kd8 32. Ng1 Ne6 33. Nxe6+ Rxe6 34. Ne2 g5 35. hxg5 hxg5 36. Rh1 Nc4 37. Nc3 Kc7 38. bxc6 Kxc6 39. Rc1 Kb6 40. Raa1 Kc6 41. Rab1 b5 42. Ra1 b4 43. Nxd5 Kxd5 44. Rxc4 Rc6 45. Ra5+ 1-0

[Event "GER-ch Net blitz qual1"]
[Site "Playchess.com INT"]
[Date "2021.04.24"]
[Round "5"]
[White "Frohnhaeuser, Simon"]
[Black "Sonnenschein, Philipp"]
[Result "0-1"]
[WhiteElo "1928"]
[BlackElo "1620"]
[PlyCount "92"]
[EventDate "2021.04.24"]
[EventType "swiss (blitz)"]
[EventRounds "11"]
[EventCountry "GER"]
[SourceTitle "CBM 202 Extra"]
[Source "ChessBase"]
[SourceDate "2021.07.31"]
[SourceVersion "1"]
[SourceVersionDate "2021.07.31"]
[SourceQuality "1"]

1. e4 c5 2. Nf3 Nc6 3. d4 cxd4 4. Nxd4 Nf6 5. Nc3 e5 6. Ndb5 d6 7. Bg5 a6 8. Na3 b5 9. Nd5 Be7 10. Nxe7 Nxe7 11. c3 Nxe4 12. Bxe7 Qxe7 13. Qd5 Bb7 14. Qd3 0-0 15. Nc2 Nc5 16. Qh3 Rad8 17. Be2 Qg5 18. Ne3 f5 19. Rd1 d5 20. Nc2 Ne6 21. g3 d4 22. 0-0 Be4 23. f4 Qg6 24. Bd3 Bxd3 25. Rxd3 e4 26. Rxd4 Nxd4 27. Nxd4 b4 28. Qg2 bxc3 29. bxc3 Rb8 30. Qe2 Rfc8 31. Rc1 Qb6 32. Kg2 g6 33. Rc2 Rc5 34. Kh3 Rbc8 35. Rb2 Qa7 36. Ne6 Rxc3 37. Qd2 Qe7 38. Rb6 R3c6 39. Rxc6 Rxc6 40. Nd4 Rd6 41. Qc3 Qf6 42. Qc4+ Kg7 43. Nb3 Kh6 44. Nc5 e3 45. Nd3 Qd4 46. Qxd4 Rxd4 0-1

[Event "GER Cup Net V4 U2400"]
[Site "Playchess.com INT"]
[Date "2020.05.31"]
[Round "8"]
[White "Frohnhaeuser, Simon"]
[Black "Dauner, Benedikt"]
[Result "0-1"]
[WhiteElo "1952"]
[BlackElo "2035"]
[PlyCount "102"]
[EventDate "2020.05.31"]
[EventType "swiss (blitz)"]
[EventRounds "9"]
[EventCountry "GER"]
[SourceTitle "EXT 2021"]
[Source "ChessBase"]
[SourceDate "2020.10.23"]
[SourceVersion "1"]
[SourceVersionDate "2020.10.23"]
[SourceQuality "1"]

1. e4 e5 2. Nf3 Nc6 3. Bc4 Nf6 4. d3 h6 5. 0-0 d6 6. c3 g6 7. h3 Bg7 8. Be3 0-0 9. Qd2 Kh7 10. Nh2 Na5 11. Bb3 Nxb3 12. axb3 d5 13. Qc2 Nh5 14. Na3 c6 15. c4 Be6 16. b4 a6 17. b5 d4 18. Bd2 f5 19. Bb4 Rf7 20. Qe2 Nf4 21. Qf3 fxe4 22. Qxe4 Bf5 23. Qf3 Bxd3 24. Kh1 Bxf1 25. Rxf1 axb5 26. cxb5 d3 27. Ng4 Qd5 28. Qg3 d2 29. Ne3 Qd3 30. Rd1 Nh5 31. Qh4 Bf6 32. Qg4 Qd4 33. Rxd2 Qxg4 34. Nxg4 Bg7 35. bxc6 bxc6 36. Bc3 Re8 37. Nc4 Rfe7 38. Re2 e4 39. Bb4 Re6 40. g3 Nf6 41. Nxf6+ Bxf6 42. Kg2 Bd4 43. Ne3 c5 44. Be1 Rb6 45. Nd5 Rxb2 46. Bd2 e3 47. fxe3 Bg7 48. Kf2 Rf8+ 49. Nf4 g5 50. Kg2 gxf4 51. gxf4 Bc3 0-1